[Event "NIV-Colomiers2/Rodez"]
[Site "Colomiers"]
[Date "2009.12.13"]
[Round "4.6"]
[White "De Biasi, Robert"]
[Black "Nassar, Christophe"]
[Result "1-0"]
[WhiteElo "1764"]
[BlackElo "173"]
[Annotator "Rybka 3 32-bit "]
[PlyCount "69"]
[EventDate "2009.??.??"]

1. c4 Nf6 2. Nc3 g6 3. g3 Bg7 4. Bg2 d6 5. e3 O-O 6. Nge2 {
dernier coup de la bibliothèque} Nc6 {[%eval 11,10]} 7. d4 {[%eval -14,9]} e5 {
[%eval 8,10]} 8. d5 {[%eval -5,11]} Ne7 {[%eval 9,10]} 9. O-O {[%eval -3,9]}
Nd7 {[%eval 31,11]} 10. e4 {[%eval 20,9]} f5 {[%eval 41,9]} 11. f4 {
[%eval -5,8]} Nb6 {[%eval 45,8]} 12. b3 {[%eval 20,7]} fxe4 {[%eval 16,8]} 13.
Bxe4 {[%eval -33,10]} Bg4 {[%eval 6,9]} 14. Qc2 {[%eval -50,8]} Bxe2 $11 {
[%eval 18,10]} ({Rybka 3 32-bit :} 14... Nf5 15. fxe5 Bxe5 16. Rb1 Qe7 17. Bf4
$15 {[%eval -50,8]}) 15. Qxe2 $15 {[%eval -62,10]} ({Rybka 3 32-bit :} 15. Nxe2
exf4 16. Bb2 Bxb2 17. Qxb2 fxg3 18. hxg3 Qc8 19. Nf4 Qg4 20. Qc3 $11 {
[%eval 18,10]}) 15... exf4 {[%eval -32,9]} 16. Bb2 {[%eval -67,9]} fxg3 {
[%eval -49,8]} 17. Rxf8+ {[%eval -101,13]} Qxf8 {[%eval -101,11]} 18. hxg3 {
[%eval -108,10]} a6 {[%eval -58,9]} 19. Rf1 {[%eval -68,10]} Qc8 $11 {
[%eval 1,9]} ({Rybka 3 32-bit :} 19... Bd4+ 20. Kg2 Qg7 21. Qg4 Rf8 22. Qe6+
Kh8 23. Rxf8+ Qxf8 24. Nd1 Bxb2 25. Nxb2 Ng8 26. Nd3 Nf6 $15 {[%eval -68,10]})
20. Kg2 {[%eval -58,9]} Qd7 {[%eval -11,9]} 21. Nd1 {[%eval -38,11]} Bh6 $2 $18
{[%eval 148,11]} ({Rybka 3 32-bit :} 21... Rf8 22. Rxf8+ Kxf8 23. Bxg7+ Kxg7
24. Nf2 Ng8 25. Nh3 Nf6 26. Ng5 Kg8 $15 {[%eval -38,11]}) 22. Ne3 {
[%eval 148,10]} Bxe3 $2 $18 {[%eval 616,8]} ({Rybka 3 32-bit :} 22... Re8 23.
Ng4 Bg5 24. Bc1 h5 25. Ne5 dxe5 26. Bxg5 Nbc8 27. Rf6 Qg4 28. Qxg4 hxg4 29. c5
Rf8 30. Re6 Kf7 31. Rxe5 $18 {[%eval 148,10]}) 23. Qxe3 {[%eval 609,8]} Nf5 $2
$18 {[%eval 1116,8]} ({Rybka 3 32-bit :} 23... Qg4 24. Qd4 $18 {[%eval 609,8]})
24. Bxf5 {[%eval 1479,11]} gxf5 $2 {[%eval 32758,7]} ({Rybka 3 32-bit :} 24...
Re8 25. Bxd7 $18 {[%eval 1479,11]}) 25. Qd4 {[%eval 32748,10]} Rf8 {
[%eval 32761,3]} 26. Qh8+ {[%eval 32761,3]} Kf7 {[%eval 32762,3]} 27. Qf6+ {
[%eval 32760,3]} Kg8 {[%eval 32761,3]} 28. Qh8+ $2 $11 {[%eval 0,59]} ({
Rybka 3 32-bit :} 28. Qg5+ Kf7 {[%eval 32761,3]}) 28... Kf7 {[%eval 32762,3]}
29. Qxh7+ $2 $18 {[%eval 575,8]} ({Rybka 3 32-bit :} 29. Qg7+ Ke8 {
[%eval 32762,3]}) 29... Ke8 {[%eval 634,9]} 30. Re1+ {[%eval 641,10]} Kd8 {
[%eval 654,9]} 31. Bf6+ {[%eval 627,9]} Kc8 {[%eval 644,9]} 32. Re7 {
[%eval 627,9]} Qd8 $2 $18 {[%eval 976,9]} ({Rybka 3 32-bit :} 32... f4 33. Rxd7
$18 {[%eval 627,9]}) 33. Rf7 {[%eval 966,9]} Rxf7 {[%eval 998,10]} 34. Qxf7 {
[%eval 985,10]} Qd7 $2 {[%eval 32765,3]} ({Rybka 3 32-bit :} 34... Nd7 35. Bxd8
$18 {[%eval 985,10]}) 35. Qf8+ {[%eval 32765,3]} 1-0

[Event "NIV-Colomiers2/Rodez"]
[Site "Colomiers"]
[Date "2009.12.13"]
[Round "4.7"]
[White "Barrera, Charles"]
[Black "Cremers, Bertrand"]
[Result "1-0"]
[WhiteElo "1730"]
[BlackElo "1660"]
[Annotator "Rybka 3 32-bit "]
[PlyCount "139"]
[EventDate "2009.??.??"]

1. d4 Nf6 2. Nf3 g6 3. g3 Bg7 4. c4 O-O 5. Bg2 d6 6. Nc3 Nbd7 7. O-O c5 8. d5 {
[%eval 2,9]} a6 {dernier coup de la bibliothèque} 9. Qc2 {[%eval -36,10]} Rb8 {
[%eval -1,9]} 10. a4 {[%eval -1,10]} Nb6 {[%eval 22,10]} 11. Nd2 {[%eval 0,11]}
Bd7 {[%eval 40,10]} 12. e4 {[%eval 6,10]} Ng4 {[%eval 58,10]} 13. b3 {
[%eval 13,9]} Bd4 {[%eval 59,10]} 14. Nf3 {[%eval 31,10]} Bg7 {[%eval 58,11]}
15. Bb2 {[%eval 26,9]} Ne5 {[%eval 52,12]} 16. Nxe5 {[%eval 52,13]} Bxe5 {
[%eval 52,11]} 17. Ne2 {[%eval 13,12]} f6 {[%eval 52,11]} 18. f4 {[%eval 45,13]
} Bxb2 {[%eval 45,12]} 19. Qxb2 {[%eval 24,10]} e5 $16 {[%eval 113,14]} ({
Rybka 3 32-bit :} 19... Qc7 20. a5 Na8 21. f5 g5 22. Nc3 b6 $11 {[%eval 24,10]}
) 20. dxe6 {[%eval 113,13]} Bxe6 {[%eval 113,12]} 21. Nc3 {[%eval 68,11]} Qd7
$18 {[%eval 185,11]} ({Rybka 3 32-bit :} 21... Qe7 22. a5 Na8 23. f5 Bf7 24.
fxg6 hxg6 25. Rae1 Qe5 26. Qd2 $14 {[%eval 68,11]}) 22. Rad1 $16 {[%eval 88,9]}
({Rybka 3 32-bit :} 22. a5 Na8 23. f5 Bf7 24. fxg6 hxg6 25. Rxf6 Qe7 26. Raf1
Nc7 27. Qd2 Rbd8 28. Qf4 Rd7 $18 {[%eval 185,11]}) 22... Nc8 $2 $18 {
[%eval 243,10]} ({Rybka 3 32-bit :} 22... Bg4 23. Rd3 Rbd8 24. a5 Nc8 25. Nd5
Qg7 26. f5 g5 27. b4 $16 {[%eval 88,9]}) 23. Nd5 $2 $14 {[%eval 49,13]} ({
Rybka 3 32-bit :} 23. f5 Bf7 24. fxg6 Be6 25. gxh7+ Qxh7 26. Nd5 Bxd5 27. Rxd5
Qg7 28. Qe2 Qe7 29. Bh3 $18 {[%eval 243,10]}) 23... Bxd5 {[%eval 49,12]} 24.
Rxd5 {[%eval 49,9]} Ne7 {[%eval 49,12]} 25. Rd3 {[%eval 49,12]} Nc6 {
[%eval 55,13]} 26. Rfd1 {[%eval 55,12]} Nd4 {[%eval 69,11]} 27. Re3 $15 {
[%eval -27,10]} ({Rybka 3 32-bit :} 27. Rxd4 cxd4 28. Qxd4 Qc6 29. Qxd6 Rbd8
30. Qxd8 Rxd8 31. Rxd8+ Kf7 32. Kf1 Qb6 33. Rd3 Qb4 34. e5 $14 {[%eval 69,11]})
27... Rfe8 {[%eval 4,11]} 28. Rde1 {[%eval -32,10]} b5 {[%eval 13,10]} 29. axb5
{[%eval -25,12]} axb5 {[%eval -9,10]} 30. e5 {[%eval -44,10]} fxe5 {
[%eval -44,9]} 31. Bd5+ {[%eval -73,9]} Kf8 $14 {[%eval 38,10]} ({
Rybka 3 32-bit :} 31... Kh8 32. fxe5 bxc4 33. exd6 Rxe3 34. Rxe3 Qg7 35. Qc1
Nf5 36. Re4 $17 {[%eval -73,9]}) 32. fxe5 {[%eval 26,9]} dxe5 $16 {
[%eval 115,8]} ({Rybka 3 32-bit :} 32... bxc4 33. Rf1+ Kg7 $14 {[%eval 26,9]})
33. Qf2+ $11 {[%eval 0,11]} ({Rybka 3 32-bit :} 33. Rf1+ Kg7 34. Rf7+ Qxf7 35.
Bxf7 Kxf7 36. Qg2 bxc4 37. Qd5+ Kg7 38. bxc4 e4 39. Rxe4 Rxe4 40. Qxe4 Rb2 41.
Kh1 $16 {[%eval 115,8]}) 33... Qf5 {[%eval 31,9]} 34. Qg2 {[%eval 4,11]} Kg7 {
[%eval 4,12]} 35. Rf1 {[%eval 4,12]} Qg5 {[%eval 4,12]} 36. Rf7+ {[%eval -3,12]
} Kh8 {[%eval 5,10]} 37. Qf2 {[%eval -6,9]} Nf5 {[%eval 28,10]} 38. Re4 $15 {
[%eval -36,8]} ({Rybka 3 32-bit :} 38. Re1 bxc4 39. bxc4 e4 40. Qa2 Re7 41.
Qa1+ Nd4 42. Rxe7 $14 {[%eval 28,10]}) 38... Qc1+ $16 {[%eval 83,13]} ({
Rybka 3 32-bit :} 38... bxc4 39. Bxc4 Nd6 40. Rg4 Qc1+ 41. Kg2 Nf5 42. Re4 Rbd8
$15 {[%eval -36,8]}) 39. Re1 {[%eval 83,10]} Qg5 {[%eval 83,10]} 40. Qxc5 {
[%eval 48,9]} bxc4 {[%eval 63,9]} 41. bxc4 {[%eval 21,9]} h5 $16 {[%eval 124,9]
} ({Rybka 3 32-bit :} 41... Qd2 42. Qf2 Qc3 43. Rd1 Red8 44. Qa7 Qe3+ $11 {
[%eval 21,9]}) 42. Qa7 {[%eval 101,10]} Qh6 {[%eval 103,8]} 43. Qa1 {
[%eval 68,10]} Nd4 $2 $18 {[%eval 401,8]} ({Rybka 3 32-bit :} 43... Qd2 44.
Rxe5 Rb1+ 45. Qxb1 Qd4+ 46. Kh1 Qxe5 47. Qc1 Ne3 48. Kg1 Ng4 49. Qd2 Qe1+ 50.
Qxe1 $14 {[%eval 68,10]}) 44. Qa7 $2 $11 {[%eval 0,13]} ({Rybka 3 32-bit :} 44.
Qa6 Ne6 45. Bxe6 Qd2 46. Ref1 Qe3+ 47. Kg2 Qe4+ 48. Kh3 Ra8 49. Qd6 Rad8 50.
Bd7 $18 {[%eval 401,8]}) 44... Rbd8 $2 $18 {[%eval 260,10]} ({Rybka 3 32-bit :
} 44... Nf5 45. Rxe5 $11 {[%eval 0,13]}) 45. Ref1 $2 $16 {[%eval 74,10]} ({
Rybka 3 32-bit :} 45. Qb6 Qg5 46. Qc7 Qh6 47. Re7 Nf5 48. Qxe5+ Ng7 49. Qc3 Kh7
50. Kg2 Rxe7 51. Rxe7 Re8 52. Rb7 h4 53. gxh4 $18 {[%eval 260,10]}) 45... Nf5 {
[%eval 74,9]} 46. Qb6 $11 {[%eval 3,13]} ({Rybka 3 32-bit :} 46. Rb1 Rf8 47.
Re1 h4 $16 {[%eval 74,9]}) 46... Qe3+ {[%eval 3,15]} 47. Qxe3 {[%eval 3,14]}
Nxe3 {[%eval 3,12]} 48. R1f6 {[%eval 0,14]} Nxd5 {[%eval 0,15]} 49. cxd5 {
[%eval 0,15]} Rxd5 {[%eval 0,13]} 50. Rxg6 {[%eval 0,14]} e4 {[%eval 0,12]} 51.
Rff6 {[%eval 0,12]} Rde5 {[%eval 21,11]} 52. Kf2 {[%eval 21,10]} e3+ {
[%eval 27,13]} 53. Ke2 {[%eval 20,15]} Rd5 {[%eval 20,14]} 54. Rd6 {
[%eval 18,13]} Rde5 {[%eval 53,13]} 55. Rgf6 {[%eval 21,16]} Ra5 {[%eval 23,14]
} 56. Ra6 {[%eval 23,12]} Rxa6 {[%eval 54,17]} 57. Rxa6 {[%eval 54,15]} Kg7 {
[%eval 55,15]} 58. Ra3 {[%eval 48,14]} Kf6 {[%eval 55,16]} 59. Rxe3 {
[%eval 54,14]} Rxe3+ $2 $18 {[%eval 338,29]} ({Rybka 3 32-bit :} 59... Rb8 60.
Kf3 Rb5 61. h3 Kg5 62. Rd3 Kf5 63. Rc3 Kg5 64. Rd3 Kf5 65. Rc3 Kg5 66. Rd3 Kf5
67. Rc3 Kg5 68. Rd3 Kf5 69. Rc3 Kg5 70. Rd3 Kf5 71. Rc3 Kg5 72. Rd3 Kf5 73. Rc3
Kg5 74. Rd3 Kf5 $14 {[%eval 54,14]}) 60. Kxe3 {[%eval 338,26]} Kg5 $2 $18 {
[%eval 498,22]} ({Rybka 3 32-bit :} 60... Kf5 61. h3 Ke5 62. g4 hxg4 63. hxg4
Ke6 64. Kf4 Kf6 65. g5+ Kg6 66. Kg4 Kg7 67. Kf5 $18 {[%eval 338,26]}) 61. Kf3
$2 $18 {[%eval 338,24]} ({Rybka 3 32-bit :} 61. h3 Kf5 $18 {[%eval 498,22]})
61... Kf5 {[%eval 498,24]} 62. h3 {[%eval 338,24]} Kg5 $18 {[%eval 478,19]} ({
Rybka 3 32-bit :} 62... Ke5 63. Ke3 $18 {[%eval 338,24]}) 63. Ke4 {
[%eval 318,19]} h4 $2 $18 {[%eval 651,17]} ({Rybka 3 32-bit :} 63... Kf6 64.
Kf4 Kg6 65. h4 Kf6 $18 {[%eval 318,19]}) 64. g4 {[%eval 318,17]} Kg6 $2 $18 {
[%eval 626,13]} ({Rybka 3 32-bit :} 64... Kf6 65. Kd5 $18 {[%eval 318,17]}) 65.
Kf4 {[%eval 609,12]} Kf6 {[%eval 755,13]} 66. Ke4 $2 $11 {[%eval 0,36]} ({
Rybka 3 32-bit :} 66. g5+ Ke7 $18 {[%eval 755,13]}) 66... Kg5 $2 $18 {
[%eval 755,15]} ({Rybka 3 32-bit :} 66... Kg6 67. Kf3 $11 {[%eval 0,36]}) 67.
Ke5 {[%eval 784,15]} Kg6 {[%eval 731,14]} 68. Kf4 $2 $11 {[%eval 0,32]} ({
Rybka 3 32-bit :} 68. Ke6 Kg7 $18 {[%eval 731,14]}) 68... Kh6 $2 $18 {
[%eval 1133,15]} ({Rybka 3 32-bit :} 68... Kf6 69. g5+ $11 {[%eval 0,32]}) 69.
Kf5 {[%eval 1081,13]} Kg7 {[%eval 801,12]} 70. Kg5 {[%eval 1109,13]} 1-0

[Event "NIV-Colomiers2/Rodez"]
[Site "Colomiers"]
[Date "2009.12.13"]
[Round "4.8"]
[White "Cuq, Christian"]
[Black "Caray, Jérôme"]
[Result "1/2-1/2"]
[WhiteElo "1458"]
[BlackElo "1499"]
[Annotator "Rybka 3 32-bit "]
[PlyCount "107"]
[EventDate "2009.??.??"]

1. e4 c5 2. a3 Nc6 3. Nf3 e6 {dernier coup de la bibliothèque} 4. Be2 {
[%eval -1,11]} Nf6 {[%eval 8,10]} 5. d3 {[%eval -29,11]} Be7 {[%eval -6,11]} 6.
O-O {[%eval -31,12]} O-O {[%eval -5,10]} 7. c3 {[%eval -35,9]} b6 {
[%eval 17,10]} 8. Bf4 {[%eval -14,10]} Bb7 {[%eval 10,10]} 9. Nbd2 {
[%eval -13,10]} d6 {[%eval 17,10]} 10. h3 {[%eval 0,9]} b5 {[%eval 53,9]} 11.
Re1 {[%eval 2,10]} a5 {[%eval 39,9]} 12. Bf1 {[%eval -9,10]} Qd7 {[%eval 44,10]
} 13. Bh2 {[%eval -13,10]} Ba6 {[%eval 44,9]} 14. Rc1 {[%eval -6,9]} Rfb8 $14 {
[%eval 58,9]} ({Rybka 3 32-bit :} 14... a4 15. e5 dxe5 16. Nxe5 Nxe5 17. Bxe5
Bb7 18. Ne4 Bxe4 $11 {[%eval -6,9]}) 15. e5 {[%eval -1,10]} Ne8 $14 {
[%eval 69,9]} ({Rybka 3 32-bit :} 15... dxe5 16. Nxe5 Nxe5 17. Bxe5 Rd8 18. Qc2
Bb7 19. a4 bxa4 20. Nc4 Nd5 21. Ra1 $11 {[%eval -1,10]}) 16. Ne4 $11 {
[%eval -9,11]} ({Rybka 3 32-bit :} 16. exd6 Bxd6 17. Ne4 Bxh2+ 18. Nxh2 Qd5 19.
Ng4 Rd8 20. a4 b4 $14 {[%eval 69,9]}) 16... dxe5 $14 {[%eval 67,9]} ({
Rybka 3 32-bit :} 16... d5 17. Ned2 h6 18. Bf4 Nc7 19. Be3 a4 20. Qc2 $11 {
[%eval -9,11]}) 17. Nxe5 {[%eval 20,12]} Nxe5 {[%eval 40,11]} 18. Bxe5 {
[%eval 12,10]} f6 $2 $18 {[%eval 198,12]} ({Rybka 3 32-bit :} 18... Rd8 19. Qh5
Bb7 20. Rcd1 f6 21. Bg3 e5 22. d4 $11 {[%eval 12,10]}) 19. Bxb8 {[%eval 196,11]
} Rxb8 {[%eval 208,10]} 20. Qe2 $16 {[%eval 136,10]} ({Rybka 3 32-bit :} 20. d4
cxd4 21. cxd4 Bb7 22. Nc5 Bxc5 23. dxc5 Bd5 24. b4 a4 25. Bd3 f5 $18 {
[%eval 208,10]}) 20... Bb7 {[%eval 159,10]} 21. Ng3 {[%eval 102,12]} Nc7 {
[%eval 124,10]} 22. Rcd1 {[%eval 90,9]} Bd6 {[%eval 145,12]} 23. Ne4 {
[%eval 125,10]} Bf8 {[%eval 154,11]} 24. d4 {[%eval 130,9]} c4 {[%eval 153,11]}
25. Nc5 $16 {[%eval 84,14]} ({Rybka 3 32-bit :} 25. Qg4 Qf7 26. Nd2 a4 27. Be2
Rd8 28. Bf3 f5 $18 {[%eval 153,11]}) 25... Bxc5 {[%eval 77,14]} 26. dxc5 {
[%eval 77,13]} Bd5 {[%eval 94,11]} 27. Rd2 {[%eval 57,11]} Qc6 {[%eval 77,10]}
28. Qe3 {[%eval 45,12]} Na6 {[%eval 66,11]} 29. Rxd5 $11 {[%eval -8,11]} ({
Rybka 3 32-bit :} 29. Qg3 Rc8 30. a4 bxa4 31. Qg4 f5 32. Qf4 Qxc5 33. Ra1 Qb6
34. Rad1 $14 {[%eval 66,11]}) 29... Qxd5 {[%eval 0,11]} 30. g3 $17 {
[%eval -100,11]} ({Rybka 3 32-bit :} 30. Qxe6+ Qxe6 31. Rxe6 Nxc5 32. Rd6 Na4
33. Rd2 Kf7 34. g3 Nc5 35. Bg2 $11 {[%eval 0,11]}) 30... e5 {[%eval -48,10]}
31. c6 {[%eval -72,13]} Qxc6 {[%eval -58,10]} 32. Rd1 {[%eval -76,9]} Qc7 $11 {
[%eval -9,11]} ({Rybka 3 32-bit :} 32... Nc5 33. Bg2 Qc7 $17 {[%eval -76,9]})
33. Rd5 {[%eval -25,10]} b4 $16 {[%eval 92,10]} ({Rybka 3 32-bit :} 33... Kf8
34. Bg2 Kf7 35. h4 Kf8 36. h5 h6 $11 {[%eval -25,10]}) 34. Bg2 $11 {
[%eval 15,11]} ({Rybka 3 32-bit :} 34. Qe4 bxc3 35. Qxc4 Qxc4 36. Bxc4 Kf8 37.
bxc3 Nc7 38. Rxa5 Ke7 39. Ra7 Kd6 40. a4 $16 {[%eval 92,10]}) 34... bxa3 {
[%eval -4,11]} 35. bxa3 {[%eval -24,9]} Rd8 $16 {[%eval 121,13]} ({
Rybka 3 32-bit :} 35... a4 36. Qe2 g6 37. Bf1 Rc8 38. Qe4 $11 {[%eval -24,9]})
36. Qd2 {[%eval 112,11]} Rxd5 {[%eval 121,14]} 37. Qxd5+ {[%eval 121,14]} Kf8 {
[%eval 135,12]} 38. Be4 $14 {[%eval 63,11]} ({Rybka 3 32-bit :} 38. Bf1 Nc5 39.
Bxc4 Ke7 40. Qg8 Kd6 41. Qxh7 Qd7 42. Qg8 Kc7 43. h4 Qd1+ 44. Kg2 Qg4 $16 {
[%eval 135,12]}) 38... g6 $2 $18 {[%eval 214,14]} ({Rybka 3 32-bit :} 38... h6
39. Bb1 Ke7 40. Ba2 Nc5 41. Bxc4 e4 42. Kg2 e3 43. fxe3 Qb7 $14 {[%eval 63,11]}
) 39. Qe6 {[%eval 195,11]} Nc5 {[%eval 214,13]} 40. Qxf6+ {[%eval 206,13]} Qf7
{[%eval 218,11]} 41. Qxe5 $18 {[%eval 144,16]} ({Rybka 3 32-bit :} 41. Qh8+ Qg8
42. Qxe5 $18 {[%eval 218,11]}) 41... Nxe4 {[%eval 144,16]} 42. Qxe4 {
[%eval 144,15]} Qc7 {[%eval 144,14]} 43. Qe6 {[%eval 117,14]} Qc5 {
[%eval 134,14]} 44. Qf6+ {[%eval 116,15]} Kg8 {[%eval 117,11]} 45. a4 $14 {
[%eval 50,17]} ({Rybka 3 32-bit :} 45. Qd8+ Kg7 46. Qd7+ Kh6 47. Qd2+ $16 {
[%eval 117,11]}) 45... Qd5 {[%eval 50,15]} 46. Kh2 {[%eval 50,16]} Qd7 {
[%eval 65,13]} 47. h4 {[%eval 40,16]} Qxa4 {[%eval 40,14]} 48. h5 {
[%eval 12,13]} gxh5 {[%eval 17,15]} 49. Qg5+ {[%eval 17,15]} Kh8 {[%eval 30,13]
} 50. Qf6+ {[%eval 0,59]} Kg8 {[%eval 17,14]} 51. Qg5+ {[%eval 0,19]} Kf8 {
[%eval 17,13]} 52. Qh6+ {[%eval 17,14]} Ke7 {[%eval 46,12]} 53. Qxh7+ {
[%eval 39,13]} Kd6 {[%eval 53,12]} 54. Qg6+ {[%eval 39,12]} 1/2-1/2

[Event "NIV-Colomiers2/Rodez"]
[Site "Colomiers"]
[Date "2009.12.13"]
[Round "4.1"]
[White "Barral, Adrien"]
[Black "Tanguy, Fabien"]
[Result "1/2-1/2"]
[WhiteElo "1814"]
[BlackElo "2008"]
[Annotator "Fritz 8"]
[PlyCount "106"]
[EventDate "2009.??.??"]

1. e4 Nf6 2. e5 Nd5 3. c4 Nb6 4. d4 d6 5. exd6 exd6 6. Nf3 Nc6 7. h3 {
dernier coup de la bibliothèque} Bf5 8. Bd3 Qe7+ 9. Be3 Bg6 10. Nc3 Nb4 $16 ({
1.31 Fritz 8:} 10... O-O-O 11. Bxg6 hxg6 12. Nd5 Nxd5 13. cxd5 Nb4 $14 {
[%eval 56,10]}) 11. Bb1 $14 ({0.62 Fritz 8:} 11. Bxg6 hxg6 12. Qb3 Na6 13.
O-O-O O-O-O 14. Rhe1 Qd7 15. Nb5 Re8 $16 {[%eval 131,10]}) 11... O-O-O 12. Qe2
Bxb1 13. Rxb1 Qe6 $16 ({1.09 Fritz 8:} 13... d5 14. b3 Qe6 15. c5 Nd7 16. a3
Nc6 $14 {[%eval 47,11]}) 14. d5 Qg6 15. Nh4 Qd3 16. Qxd3 Nxd3+ 17. Kd2 Ne5 18.
b3 g6 19. f4 Ned7 20. Nf3 Bh6 21. Ng5 Bxg5 22. fxg5 Rde8 23. Bd4 Ne5 24. Rbe1
Nbd7 25. Ne4 Re7 26. Re2 h6 $18 ({1.75 Fritz 8:} 26... b6 27. Bxe5 Nxe5 28. Nf6
a5 29. Rf1 a4 $16 {[%eval 84,11]}) 27. gxh6 $14 ({0.50 Fritz 8:} 27. c5 hxg5
28. cxd6 cxd6 29. Nxd6+ Kc7 30. Ne4 Kd8 31. Nxg5 $18 {[%eval 175,10]}) 27...
Rxh6 28. Rhe1 Rh4 29. c5 dxc5 30. Bxe5 Rxe5 31. g3 $19 ({-1.75 Fritz 8:} 31.
Ng5 Rxd5+ 32. Kc3 Nf6 33. Nxf7 Rhd4 34. a3 a6 35. Ne5 $15 {[%eval -47,11]})
31... Rh8 $17 ({-0.97 Fritz 8:} 31... Rxh3 32. Nf2 Rh2 33. Nd3 Rhxe2+ 34. Rxe2
Rxe2+ 35. Kxe2 Nf6 36. Nxc5 Nxd5 $19 {[%eval -175,11]}) 32. Ng5 Rxe2+ 33. Rxe2
Nf6 34. h4 Nxd5 35. Nxf7 Rf8 36. Ne5 Rf6 37. Kd3 b5 38. a3 Rd6 39. Kc2 a5 40.
Nd3 Rc6 41. Re5 Rd6 42. Nxc5 c6 43. Re6 $11 ({0.00 Fritz 8:} 43. Ne4 Ne3+ 44.
Kb2 Rd4 45. Nc5 Rd2+ 46. Kc3 Rd5 47. Re8+ Kc7 $14 {[%eval 66,11]}) 43... Rxe6
44. Nxe6 Ne7 45. Kd3 Kd7 46. Nf4 Kd6 47. h5 $11 ({0.00 Fritz 8:} 47. Ke4 $16 {
[%eval 81,14]}) 47... gxh5 48. Nxh5 Ke5 49. Nf4 c5 50. a4 c4+ 51. bxc4 bxa4 52.
Kc3 Ke4 53. Kb2 Kd4 1/2-1/2

[Event "NIV-Colomiers2/Rodez"]
[Site "Colomiers"]
[Date "2009.12.13"]
[Round "4.2"]
[White "Forest, Eric"]
[Black "Durbize, Parick"]
[Result "0-1"]
[WhiteElo "1808"]
[BlackElo "1870"]
[Annotator "Fritz 8"]
[PlyCount "144"]
[EventDate "2009.??.??"]

1. e4 b6 2. d4 Bb7 {dernier coup de la bibliothèque} 3. f3 e6 4. Be3 Nf6 5. Ne2
Be7 6. Nd2 d6 7. c4 O-O 8. Qc2 Nbd7 9. Nc3 c5 10. d5 exd5 11. cxd5 a6 12. Be2
Ne5 13. O-O-O b5 14. g4 c4 15. Kb1 Rc8 16. g5 Ne8 17. f4 Nd7 18. Nf3 Nc5 19.
Rhg1 Qa5 20. Bxc5 Rxc5 21. Nd4 Bd8 22. h4 Bb6 23. Rg3 Rc7 $18 ({1.44 Fritz 8:} 
23... Ba7 24. h5 b4 25. Na4 Rc7 $14 {[%eval 44,11]}) 24. Nf3 $2 $15 ({
-0.44 Fritz 8:} 24. Nc6 Rxc6 25. dxc6 Bxc6 26. h5 Bc5 27. h6 g6 28. f5 b4 $18 {
[%eval 144,12]}) 24... Bc8 $11 ({0.19 Fritz 8:} 24... b4 25. Na4 Be3 26. f5 f6
27. Rf1 c3 $15 {[%eval -44,11]}) 25. h5 $17 ({-0.94 Fritz 8:} 25. e5 b4 26. Ne4
Be3 27. exd6 Rb7 28. Qxc4 $11 {[%eval 19,10]}) 25... Bd7 $11 ({0.22 Fritz 8:} 
25... b4 26. Na4 Bf2 27. Rg2 Bd7 28. Bxc4 Bxa4 $17 {[%eval -94,11]}) 26. a3 b4
27. axb4 Qxb4 28. f5 Bf2 29. Rg2 Be3 30. Rh1 a5 31. Bd1 a4 32. Na2 Qb6 33. Qc3
Bf4 34. Rh4 Qe3 $16 ({0.81 Fritz 8:} 34... Be3 35. Rh1 $11 {[%eval 0,11]}) 35.
Re2 Qd3+ 36. Qxd3 cxd3 37. Rg2 Be3 38. Ne1 $11 ({-0.13 Fritz 8:} 38. Rh3 h6 39.
Nc3 Rc4 40. Ne5 dxe5 41. Rxe3 hxg5 42. Rxd3 Nd6 43. Re3 f6 44. Be2 $14 {
[%eval 50,10]}) 38... d2 $14 ({0.59 Fritz 8:} 38... h6 39. Nf3 hxg5 40. Nxg5
Nf6 41. h6 g6 $11 {[%eval -13,10]}) 39. Nc2 Bc5 40. Rxd2 Rb7 41. Be2 $11 ({
0.09 Fritz 8:} 41. Nd4 h6 42. gxh6 gxh6 43. Nc3 a3 44. Nb3 Bb4 45. Rg2+ Kh7 46.
Rhg4 Ra7 $16 {[%eval 72,10]}) 41... Nc7 42. Rh3 Rfb8 43. Na3 $17 ({
-0.91 Fritz 8:} 43. Ne3 Rb3 44. Bd3 g6 45. Nc1 $14 {[%eval 38,10]}) 43... Rb3
$14 ({0.59 Fritz 8:} 43... Re8 44. Nc2 Rxe4 45. Nc3 Re5 46. Bd3 Nxd5 47. Nxd5
Rxd5 $17 {[%eval -91,9]}) 44. Rxb3 Rxb3 45. Nc1 Rg3 46. g6 $15 ({-0.41 Fritz 8:
} 46. Nd3 Be3 47. Rc2 Ne8 48. Nc4 Bxg5 $14 {[%eval 59,10]}) 46... fxg6 47. hxg6
hxg6 48. Rd3 Rxd3 49. Bxd3 gxf5 50. exf5 Nxd5 51. Bc4 Bc6 $19 ({-1.47 Fritz 8:
} 51... Bxf5+ 52. Ka1 Be4 53. Nd3 Bxd3 54. Bxd5+ Kf8 55. Bc6 g5 56. Bxa4 d5 57.
Bc6 Be4 $19 {[%eval -266,12]}) 52. Nd3 Kf8 53. Nxc5 dxc5 54. Nc2 Nb4 55. Ne3
Be4+ 56. Ka1 $19 ({-2.31 Fritz 8:} 56. Kc1 Ke7 57. Bb5 Kf6 58. Bxa4 Bxf5 59.
Kd2 g5 60. Bb5 Be6 61. Be2 Ke5 $19 {[%eval -141,14]}) 56... Nc2+ 57. Nxc2 Bxc2
58. Be6 Ke7 59. Ka2 $2 $19 ({-4.56 Fritz 8:} 59. Bc8 Kd8 60. Ba6 Bxf5 61. Ka2
Bg4 62. Bb5 Bd7 63. Bf1 g5 64. Ka3 g4 65. Bg2 Ke7 66. Bh1 $19 {[%eval -262,15]}
) 59... g5 60. Bc8 Kf6 61. Ka3 Bxf5 62. Bb7 Bc2 63. Bc6 g4 64. Bd5 $2 $19 ({
-8.88 Fritz 8:} 64. b4 axb3 65. Kb2 Ke5 66. Kc3 c4 67. Bd7 Bf5 68. Bc6 Be4 69.
Bd7 g3 $19 {[%eval -537,15]}) 64... g3 65. Ka2 Ke5 66. Bg2 Kd4 67. Ka3 Ke3 68.
Bf1 Kf2 69. Bh3 Bf5 70. Bxf5 g2 71. Kxa4 g1=Q 72. Be6 Qd1+ 0-1

[Event "NIV-Colomiers2/Rodez"]
[Site "Colomiers"]
[Date "2009.12.13"]
[Round "4.3"]
[White "Artis, François"]
[Black "Besset, Thierry"]
[Result "1-0"]
[WhiteElo "1780"]
[BlackElo "1830"]
[Annotator "Fritz 8"]
[PlyCount "69"]
[EventDate "2009.??.??"]

1. e4 e5 2. Nc3 Bc5 3. Nf3 d6 4. Na4 {dernier coup de la bibliothèque} Bb6 5.
Nxb6 axb6 6. d4 exd4 7. Qxd4 Qf6 8. Bg5 Qxd4 9. Nxd4 Nc6 10. Nb5 Kd7 11. c3 f6
12. Be3 Nge7 13. Be2 h5 14. O-O g5 15. h3 Na7 $16 ({1.19 Fritz 8:} 15... Kd8
16. Rfd1 g4 17. hxg4 hxg4 18. Nxd6 $14 {[%eval 37,10]}) 16. Nd4 Ke8 17. f4 g4
18. hxg4 Bxg4 19. Bxg4 hxg4 20. Kf2 Kd7 21. Rh1 Nac6 22. a3 Nxd4 23. Bxd4 Rxh1
24. Rxh1 f5 25. Rh7 Rf8 26. exf5 Rxf5 27. Kg3 Ke6 28. Kxg4 Rf8 29. g3 c5 30.
Bf2 d5 31. b4 Rg8+ $18 ({2.53 Fritz 8:} 31... d4 32. cxd4 c4 33. Kf3 Nd5 34.
Be3 Nxe3 35. Kxe3 Rg8 36. Ke4 Rxg3 37. f5+ Kf6 $18 {[%eval 175,12]}) 32. Kf3
Nf5 $18 ({3.59 Fritz 8:} 32... Rc8 $18 {[%eval 262,11]}) 33. g4 Nd6 34. f5+ Kf6
$2 $18 ({9.56 Fritz 8:} 34... Nxf5 35. gxf5+ Kxf5 36. Rf7+ Ke5 37. bxc5 bxc5
38. Bxc5 Rb8 39. Ke3 b6 40. Bd4+ Kd6 41. Rf6+ Kd7 42. Rxb6 $18 {[%eval 391,12]}
) 35. Bh4+ 1-0